| 000 | 00482nam a22001697a 4500 | ||
|---|---|---|---|
| 005 | 20260507114541.0 | ||
| 008 | 260507b |||||||| |||| 00| 0 eng d | ||
| 020 | _a978-1-119-01414-0 | ||
| 082 |
_a332.632 _bSIM-A |
||
| 100 | _aSIMOZAR, SAIED | ||
| 245 | _aThe Advanced Fixed Income and Derivatives Management Guide | ||
| 260 |
_aUnited Kingdom _bJohn Wiley & Sons Ltd, _c2015 |
||
| 300 | _a351 p. | ||
| 500 | _aIncludes Index. | ||
| 650 | _aManaegement Sciences | ||
| 942 | _cBK | ||
| 999 |
_c47548 _d47548 |
||